LEADER 00758nam0-2200277 --450 001 9910565901103321 005 20220516081138.0 010 $a978-88-572-4498-3 100 $a20220516d2021----kmuy0itay5050 ba 101 0 $aita 102 $aIT 105 $aa 001yy 200 1 $aMantova splendore dei Gonzaga$fLorenzo Bonoldi 210 $aMilano$cSkira$d2021 215 $a78 p.$cill.$d28 cm 610 0 $aMantova$aGuide artistiche 610 0 $aGonzaga (famiglia) 676 $a709.4528 700 1$aBonoldi,$bLorenzo$0558594 801 0$aIT$bUNINA$gREICAT$2UNIMARC 901 $aBK 912 $a9910565901103321 952 $aART.FI C 350$b167/2022$fFARBC 959 $aFARBC 996 $aMantova splendore dei Gonzaga$92839361 997 $aUNINA